Building and Urban Space Accessibility : POLIS: Decision support tools and policy initiatives in support of universal design of buildings
Salvato in:
| Ente Autore: | |
|---|---|
| Natura: | Libro |
| Lingua: | inglese |
| Pubblicazione: |
Bracknell :
IHS BRE Press,
2008
|
| Edizione: | 1. vydanie |
| Soggetti: | |
| Tags: |
Nessun Tag, puoi essere il primo ad aggiungerne!!
|
MARC
| LEADER | 00000nam a22000003a 4500 | ||
|---|---|---|---|
| 001 | 0090180 | ||
| 003 | SK-STU | ||
| 005 | 20210907133124.6 | ||
| 007 | ta | ||
| 008 | 210907s ----xo-----e------000-0-----d | ||
| 020 | |a 978-1-86081-026-5 | ||
| 040 | |a STU |b slo | ||
| 041 | 0 | |a eng | |
| 044 | |a xxk | ||
| 110 | 2 | |a POLIS consortium |4 com | |
| 245 | 1 | 0 | |a Building and Urban Space Accessibility : |b POLIS: Decision support tools and policy initiatives in support of universal design of buildings |
| 250 | |a 1. vydanie | ||
| 260 | |a Bracknell : |b IHS BRE Press, |c 2008 | ||
| 300 | |a 72 s. | ||
| 650 | 0 | 7 | |a univerzálne navrhovanie |
| 650 | 0 | 7 | |a architectural design |
| 650 | 0 | 7 | |a bezbariérové navrhovanie |
| 650 | 0 | 7 | |a exteriér |
| 650 | 0 | 7 | |a interiér |
| 996 | |b 284AU08958 |c A* 12238/U |l AAKNST |s P |a 0 |w 0090180_0001 | ||